Entry Nombre personal
001 - NÚMERO DE CONTROL
- campo de control: 51003
003 - IDENTIFICADOR DE NÚMERO DE CONTROL
- campo de control: SpMaBN
005 - FECHA Y HORA DE LA ÚLTIMA TRANSACCIÓN
- campo de control: 20250702034448.0
008 - ELEMENTOS DE DATO DE LONGITUD-FIJA
- campo de control de longitud fija: 900725nn ainnnaabn n aaa
016 ## - NÚMERO DE CONTROL DE UNA AGENCIA BIBLIOGRÁFICA NACIONAL
- Número de control del registro: BNE19981762231
024 7# - IDENTIFICADOR DE OTROS ESTÁNDARES
- Número estándar o código: http://viaf.org/viaf/29607117/
- Fuente: viaf
024 7# - IDENTIFICADOR DE OTROS ESTÁNDARES
- Número estándar o código: https://isni.org/isni/0000000108834809
- Fuente: isni
024 7# - IDENTIFICADOR DE OTROS ESTÁNDARES
- Número estándar o código: http://www.wikidata.org/entity/Q61255
- Fuente: wikidata
040 ## - FUENTE DE CATALOGACIÓN
- Centro catalogador/agencia de origen: SpMaBN
- Lengua de catalogación: spa
- Centro/agencia transcriptor: SpMaBN
- Normas de descripción: rdc
- Convención/Normas de encabezamiento de materia/tesauro: embne
046 ## - FECHAS CON CODIFICACIÓN ESPECIAL
- Fecha de nacimiento: 1824
- Fecha de la muerte: 1907
100 1# - ENCABEZAMIENTO-NOMBRE DE PERSONA
- Nombre de persona: Fischer, Kuno,
- Fechas asociadas al nombre: 1824-1907
375 ## - GÉNERO/SEXO
- Género: Masculino
377 ## - IDIOMA ASOCIADO
- Código del idioma: ger
- Término de lengua/lenguaje: Alemán
670 ## - FUENTE DE DATOS ENCONTRADOS
- Cita de la fuente: Crítica de la razón pura, 1883
- Información encontrada: (Precedida de la Vida de Kant y de la Historia de los orígenes de la filosofía crítica de Kuno Fischer ; traducidas del alemán por José del Perojo)
670 ## - FUENTE DE DATOS ENCONTRADOS
- Cita de la fuente: WWW LC auth., 9-3-2017
- Información encontrada: (Fischer, Kuno; n. 23-7-1824, m. 05-07-1907; historien de la philosophie, spécialiste de Hegel)
- Identificador Uniforme de Recursos: http://catalogue.bnf.fr/ark:/12148/cb123437849
